000 00350nam a2200133Ia 4500
005 20260326100044.0
008 260326s9999||||xx |||||||||||||| ||und||
100 _aWeiss, Joaquín E.
245 0 _aLa Arquitectura Colonial Cubana /
_cJoaquín E. Weiss
260 _bLetras Cubanas
300 _a313 p.
650 _aARQUITECTURA COLONIAL
942 _cBK
999 _c7136
_d7136